000 01343nam a2200325 i 4500
001 181498
003 ES-MaACL
005 20250803000106.0
008 130123s2011 sp a | |||||||| | spa d
020 _a978-84-936171-8-9
080 _a1 Vives, Juan Luis
080 _a1 Mayáns y Siscar, Gregorio
080 _a008(460)"17"
080 _a008(729.1:460)"17/18"
100 1 _aRodríguez Méndez, Vilda.
_9152141
245 1 0 _aHumanismo e Ilustración en los orígenes del pensamiento cubano :
_bun enfoque desde la indagación en el pensamiento de Juan Luis Vives y Gregorio Mayans /
_cVilda Rodríguez Méndez.
260 _aGijón :
_bFundación Foro Jovellanos del Principado de Asturias,
_c2011.
300 _a295 p. :
_bil. ;
_c24 cm.
490 1 _aCuadernos de investigación. Monografías ;
_v9
504 _aBibliografía: p. [243]-279.
586 8 _aXII Premio Internacional de Investigación, 2010
600 0 4 _aMayáns y Siscar, Gregorio.
_979333
600 1 4 _aVives Aguilella, Juan Antonio.
_9140583
650 0 4 _aIlustración-
_zEspaña
_913585
651 4 _aCuba-
_xCivilización-
_xInfluencia española.
_9191482
830 0 _aCuadernos de investigación. Monografías ;
_v9
_9189280
852 _aES-MaACL
_jN-5571
_9188399
_bR.148721
_cDEPO1
_dOlim: N-5571
942 _2udc
_cMONOGRAFIA
999 _c181498
_d181498